Regional (Record no. 78899)
[ view plain ]
| 000 -LEADER | |
|---|---|
| fixed length control field | 01027cab a22001935a 4500 |
| 001 - CONTROL NUMBER | |
| control field | L138533 |
| 008 - FIXED-LENGTH DATA ELEMENTS--GENERAL INFORMATION | |
| fixed length control field | 070619e20070601xxkeo 000 0 eng d |
| 035 ## - SYSTEM CONTROL NUMBER | |
| System control number | (Sirsi) u138533 |
| 041 0# - LANGUAGE CODE | |
| Language code of text/sound track or separate title | eng |
| 100 1# - MAIN ENTRY--PERSONAL NAME | |
| Personal name | Shepherd, Mark |
| 245 00 - TITLE STATEMENT | |
| Title | Regional |
| Remainder of title | Staffs and Shropshire |
| 260 ## - PUBLICATION, DISTRIBUTION, ETC. | |
| Date of publication, distribution, etc. | 2007 |
| 490 ## - SERIES STATEMENT | |
| Series statement | Property Week |
| Volume/sequential designation | 72(22) 1 June 2007, 117-130(6) |
| 520 ## - SUMMARY, ETC. | |
| Summary, etc. | Reports that concerns about funding may mean that a £150m scheme to redevelop 500 000 sq ft in the university is scaled back. The search for a developer is ongoing. With time pressing and Staffordshire University still occupying some of the site a less ambitious project seems likely. Stoke's city centre has a conspicuous gap in need of development, and the plans for transformation are detailed here. Avon Plaza, a major leisure centre planned for Cannock Chase, is detailed together with planning and development issues. |
| 590 ## - LOCAL NOTE (RLIN) | |
| Local note | KA |
| 651 #4 - SUBJECT ADDED ENTRY--GEOGRAPHIC NAME | |
| Geographic name | England |
| Chronological subdivision | 886- |
| 690 ## - LOCAL SUBJECT ADDED ENTRY--TOPICAL TERM (OCLC, RLIN) | |
| Topical term or geographic name as entry element | PROPERTY-COMMERCIAL PROPERTY-COMMERCIAL PROPERTY DEVELOPMENT |
| 942 ## - ADDED ENTRY ELEMENTS (KOHA) | |
| Suppress in OPAC | 0 |
| Withdrawn status | Lost status | Source of classification or shelving scheme | Damaged status | Not for loan | Home library | Current library | Shelving location | Date acquired | Total Checkouts | Full call number | Barcode | Date last seen | Copy number | Price effective from | Koha item type |
|---|---|---|---|---|---|---|---|---|---|---|---|---|---|---|---|
| Dewey Decimal Classification | London | London | Journal article | 19/06/2007 | L138533 | 138533-1001 | 06/08/2019 | 1 | 06/08/2019 | Journal article |